| 000 | 00641nam a2200205Ii 4500 | ||
|---|---|---|---|
| 003 | JO-AjNU | ||
| 008 | 230605s9999||||xx |||||||||||||| ||und|| | ||
| 017 | _a1981/2085 | ||
| 040 |
_aJO-AjNU _bara _erda _cJO-AjNU |
||
| 041 | _aara | ||
| 050 | 1 | 4 | _aPJ7864 1981 |
| 100 | 3 |
_aالطوخي،عبدالله, _eauthor _914833 |
|
| 245 | 0 | 0 | _aعينان على الطريق: رواية حياة |
| 264 | 3 | 1 | _aد.م: مؤسسة روز اليوسف، 1981 |
| 300 | _a196ص | ||
| 336 |
_atext _btxt _2rdacontent |
||
| 337 |
_aunmediated _bn _2rdamedia |
||
| 338 |
_avolume _bnc _2rdacarrier |
||
| 650 | 4 |
_aالأدب العربي - روايات _914834 |
|
| 999 |
_aA4049 _c7617 _d7617 |
||